| 000 | 00749cam a2200253 a 4500 | ||
|---|---|---|---|
| 001 | 000016040 | ||
| 005 | 20200929164240.0 | ||
| 008 | 930813s1991 sp 000 1 spa | ||
| 010 | _a91204883 | ||
| 020 | _a8433909223 | ||
| 040 |
_aDO-SdBNP _cDLC _dDLC |
||
| 043 | _ae-be--- | ||
| 082 |
_a184 _bS266e |
||
| 100 | 1 |
_aSavater, Fernando. _917672 |
|
| 245 | 1 | 3 |
_aLa escuela de Platón / _cFernando Savater. |
| 260 |
_aBarcelona : _bAnagrama, _cc1991. |
||
| 300 |
_a104 p. ; _c19 cm. |
||
| 490 | 1 |
_aNarrativas hispánicas, _v112 |
|
| 500 | _aIncluye lista de obras en la solapa de la contracubierta | ||
| 650 | 4 |
_aPlatonismo _933574 |
|
| 830 | 0 |
_aNarrativas hispánicas ; _v112 _921236 |
|
| 910 | _aCatalogación por copia / LC | ||
| 049 | _aBNGR | ||
| 999 |
_c15581 _d15581 |
||